00683nam a2200241 a 4500001001300000003000900013005001700022008004100039020001000080082001800090100002200108245002900130260003200159300000800191500003500199505001400234650002300248700002200271902000800293942000700301952011800308999001500426nice12345678IN_TiNIC20260116011627.0050524s0000 teha grp 000 0 eng  ac10000a297.1977bPAS aPasha, Said Halim aReform of Muslim Society aTehranbNo Publisher c0000 a26p aincludes index and biblioraphy2 areference aIslam and Politics1 aPasha, Said Halim bSRS cBK 001040708StackRoom-aHMIbHMId2007-07-03g100.00l0o297.1977 PASp04876r2007-07-03v100.00w2005-05-24yBK c2975d2975